Statistics for Fictional Planets

Click here to take the quiz!

General Stats

  • This quiz has been taken 41 times
  • The average score is 5 of 14

Answer Stats

HintAnswer% Correct
Native world of SupermanKrypton
94%
Ice planet where Luke Skywalker is attacked by a wampaHoth
79%
"Live long and prosper" planetVulcan
79%
A binary sunset happens over this planetTatooine
68%
Inhabited by TransformersCybertron
35%
Home of the Time Lords, including The DoctorGallifrey
35%
Living planet from Guardians of the GalaxyEgo
32%
Only natural source of the spice MelangeArrakis
29%
Middle Earth is the name of most of its habitable landsArda
9%
Created by Dan Simmons, it's the home of the ShrikeHyperion
9%
Actually an asteroid, home of the Little PrinceB 612
6%
Thought to be real by some groups, known as Planet XNibiru
6%
Appears in an homonymous novel by Stanisław LemSolaris
6%
Capital of Asimov's Galactic EmpireTrantor
6%

Score Distribution

Percentile by Number Answered

Percent of People with Each Score

Your Score History

You have not taken this quiz